3000 solved problems in linear algebra / (Record no. 9401)

MARC details
000 -LEADER
fixed length control field 01015nac a22002771u 4500
010 ## -
-- 88008944
020 ## - INTERNATIONAL STANDARD BOOK NUMBER
International Standard Book Number 0070380236
082 00 - DEWEY DECIMAL CLASSIFICATION NUMBER
Classification number 512.5
Item number LIP
090 ## - LOCALLY ASSIGNED LC-TYPE CALL NUMBER (OCLC); LOCAL CALL NUMBER (OCLC)
-- 9401
-- 9401
100 ## - MAIN ENTRY--PERSONAL NAME
Personal name Lipschutz, Seymour.
245 10 - TITLE STATEMENT
Title 3000 solved problems in linear algebra /
Statement of responsibility, etc by Seymour Lipschutz.
260 ## -
-- New York :
-- McGraw-Hill,1989
-- c1989.
300 ## - PHYSICAL DESCRIPTION
Extent vii, 480 p. :
Other physical details ill. ;
Dimensions 28 cm.
336 ## - CONTENT TYPE
Source rdacontent
Content type term text
Content type code txt
337 ## - MEDIA TYPE
Media type term unmediated
Source rdamedia
Media type code n
338 ## - CARRIER TYPE
Carrier type term volume
Carrier type code nc
Source rdacarrier
440 #0 -
-- Schaum's solved problems series
500 ## - GENERAL NOTE
General note distributer: Al-Ahram
511 ## -
-- catalogued by: wessam
650 #0 - SUBJECT ADDED ENTRY--TOPICAL TERM
Topical term or geographic name as entry element Algebras, Linear
General subdivision Problems, exercises, etc.
740 0# - ADDED ENTRY--UNCONTROLLED RELATED/ANALYTICAL TITLE
Uncontrolled related/analytical title Three thousand solved problems in linear algebra.
740 0# - ADDED ENTRY--UNCONTROLLED RELATED/ANALYTICAL TITLE
Uncontrolled related/analytical title Linear algebra.
856 42 - ELECTRONIC LOCATION AND ACCESS
Materials specified Publisher description
Uniform Resource Identifier <a href="http://www.loc.gov/catdir/description/mh031/88008944.html">http://www.loc.gov/catdir/description/mh031/88008944.html</a>
856 42 - ELECTRONIC LOCATION AND ACCESS
Materials specified Table of contents
Uniform Resource Identifier <a href="http://www.loc.gov/catdir/toc/mh021/88008944.html">http://www.loc.gov/catdir/toc/mh021/88008944.html</a>
942 ## - ADDED ENTRY ELEMENTS (KOHA)
Koha item type Book - Borrowing
Call number prefix 512.5LIP
Classification part RDA-MOD
Holdings
Withdrawn status Lost status Damaged status Not for loan Home library Current library Shelving location Date acquired Source of acquisition Total Checkouts Total Renewals Full call number Barcode Date last seen Date checked out Price effective from Koha item type
        Central Library Central Library First floor 06/05/2008 Purchase 1 9 512.5LIP 000011360 15/07/2025 28/10/2015 06/05/2008 Book - Borrowing